000 01267cam a2200313 a 4500
005 20160906154221.0
008 880304m19882000orua b 001 0 eng
020 _a0881920991 (v. 1)
020 _a0881921610 (v. 2)
020 _a0881922692 (v. 3)
020 _a0881923443 (v. 4)
020 _a0881924563 (v. 5)
020 _a0881924369 (v. 6)
040 _aDLC
_cDLC
_dDLC
_dCO-BoIAVH
041 0 _aspa
044 _ack
082 0 4 _a584.40723
_bW82c
100 1 _aWithner, Carl L.
245 1 4 _aThe Cattleyas and their relatives :
_ba book in six parts /
_cby Carl L. Withner.
260 _aPortland, Or. :
_bTimber Press,
_cc1988-c2000.
300 _a6 volúmenes :
_bilustraciones (algunas a color) ;
_c27 cm.
504 _aIncluye referencias bibliográficas e índices.
505 0 _av. 1. The Cattleyas -- v. 2. The Laelias -- v. 3. Schomburgkia, Sophronitis, and other South American genera -- v. 4. The Bahamian and Caribbean species -- v. 5. Brassavola, encylia, and other genera of México and Central America -- v. 6. The South American Encyclia species.
650 2 6 _aOrquídeas
650 2 6 _aCattleya
650 2 6 _aCattleya
_xTaxonomía
650 2 4 _aOrquídeas
_zAmérica Latina
942 _2ddc
_cLIBRO
999 _c5433
_d5433